General Knowledge Quiz #222 - Statistics

General Stats
  • This quiz has been taken 53,295 times
  • The average score is 12 of 20
Answer Stats
Question Answer % Correct
What type of animal is known to beat its chest as a dominance display? Gorillas
92%
What part of a corgi's body is smaller than a normal dog its size? Legs
90%
What portable gaming device did Nintendo introduce in 1989? Game Boy
81%
In what type of sea creature do the males carry fertilized eggs inside them? Sea horse
81%
What movie's main character is given a choice between a red pill and a blue pill? The Matrix
79%
The answer is two letters. Vinegar is 2.5. Water is 7. Bleach is 12.5. What are the two letters? pH
78%
What text is composed of 114 surahs? The Quran
70%
In which country would you find Omaha, Juno, and Utah beaches? France
63%
What did Justin Timberlake say he was "bringing back" in a 2006 song? Sexy
63%
What crime did Queen Guinevere commit that led to her being sentenced to death? Adultery
60%
What was the name of the throne everyone was fighting over in "Game of Thrones"? The {Iron} Throne
58%
What is the only city to host the modern Olympics in an odd-numbered year? Tokyo (2021)
58%
What South African cape is often known simply as "The Cape"? Cape of Good Hope
52%
Two countries with fewer people than the United States are projected to pass the U.S. in population before 2060. What are they? Nigeria
52%
What last appeared in the inner Solar System in 1986 and will make its next visit in 2061? Halley's comet
51%
What Japanese company has been the world's largest motorcycle maker since 1959? Honda
46%
What is eaten and pooped out by Asian palm civets before being served to humans for extremely high prices? Coffee beans
44%
What is the latitude of the North Pole? 90° N
43%
Two countries with fewer people than the United States are projected to pass the U.S. in population before 2060. What are they? Pakistan
41%
Fill in the blank: Neoprene is a synthetic form of _____. Rubber
25%
No matching quizzes found
Score Distribution
Percent of People with Each Score
Percentile by Number Answered
Your Score History
You have not taken this quiz